| 000 | 02830cam a2200361 i 4500 | ||
|---|---|---|---|
| 001 | MEB029263 | ||
| 003 | PILC | ||
| 005 | 20150302094730.0 | ||
| 008 | 130716t20142014paua b 001 0 eng | ||
| 010 | _a2013028429 | ||
| 020 | _a9781451146653 | ||
| 035 | _a(DNLM)101612653 | ||
| 040 |
_aDNLM/DLC _cDLC _erda _dDLC |
||
| 042 | _apcc | ||
| 050 | 0 | 0 |
_aRT 41 _b.B836 2014 |
| 100 | 1 | _aBrunner, Lilian Sholtis. | |
| 245 | 1 | 0 |
_aBrunner & Suddarth's textbook of medical-surgical nursing / _cJanice L. Hinkle, Phd, RN, CNRN, Associate Professor, The Catholic University of America, Washington, DC, Kerry H. Cheever, PhD, RN, Professor and Chairperson, Department of Nursing, Moravian College, Bethlehem, Pennsylvania. |
| 246 | 1 | _aBrunner and Suddarth's textbook of medical-surgical nursing. | |
| 246 | 1 | _aTextbook of medical-surgical nursing. | |
| 250 | _a13th ed. | ||
| 260 |
_aPhiladelphia : _bWolters Kluwer Health/Lippincott Williams & Wilkins, _cc2014. |
||
| 300 |
_axxxix, 2170, 74 pages : _billustrations (chiefly color) ; _c29 cm. |
||
| 500 | _aPreceded by Brunner & Suddarth's textbook of medical-surgical nursing / Suzanne C. Smeltzer ... [et al.]. 12th ed. c2010. | ||
| 504 | _aIncludes bibliographical references and index. | ||
| 505 | 8 | _aMachine generated contents note: Health Care Delivery and Evidence-Based Nursing Practice -- Community-Based Nursing Practice -- Critical Thinking, Ethical Decision Making and the Nursing Process -- Health Education and Promotion -- Adult Health and Nutritional Assessment -- Individual and Family Homeostasis, Stress, and Adaptation -- Overview of Transcultural Nursing -- Overview of Genetics and Genomics in Nursing -- Chronic Illness and Disability -- Principles and Practices of Rehabilitation -- Health Care of the Older Adult -- Pain Management -- Fluid and Electrolytes: Balance and Disturbance -- Shock and Multiple Organ Dysfunction Syndrome -- Oncology: Nursing Management in Cancer Care -- End-of-Life Care -- Preoperative Nursing Management -- Intraoperative Nursing Management -- Postoperative Nursing Management -- Assessment of Respiratory Function -- Respiratory Care Modalities -- Management of Patients With Upper Respiratory Tract Disorders -- Management of Patients With Chest and Lower Respiratory Tract Disorders. | |
| 520 | _a"This textbook has been a favorite resource for students, instructors, and practicing nurses for almost a half-century. It's comprehensive yet accessible approach covers a broad scope of medical conditions while focusing strongly on the nurse's role in caring for, educating, and assisting patients and families"--Provided by publisher. | ||
| 521 | _aNursing | ||
| 650 | 1 | 2 | _aNursing Care. |
| 650 | 2 | 2 | _aPerioperative Nursing. |
| 700 | 1 | _aHinkle, Janice L. | |
| 700 | 1 | _aCheever, Kerry H. | |
| 942 |
_2lcc _cBK |
||
| 999 |
_c283675 _d283675 |
||